Aj bežné nákupy robíme na webe

Obrat internetových obchodov pokračoval v roku 2017 vo výraznom raste. Trend je jasný - slovenský zákazník sa naučil nakupovať na internete, a robí to čoraz častejšie. Týka sa to aj bežných malých nákupov, aj keď vedie stále elektronika.

Salvato in:
Dettagli Bibliografici
Natura: Capitolo di libro
Lingua:slovacco
Soggetti:
Tags: Aggiungi Tag
Nessun Tag, puoi essere il primo ad aggiungerne!!

MARC

LEADER 00000naa a2200000 4500
001 0240915
005 20180306132558.2
041 0 |a slo 
044 |a SK 
245 1 0 |a Aj bežné nákupy robíme na webe 
520 |a Obrat internetových obchodov pokračoval v roku 2017 vo výraznom raste. Trend je jasný - slovenský zákazník sa naučil nakupovať na internete, a robí to čoraz častejšie. Týka sa to aj bežných malých nákupov, aj keď vedie stále elektronika. 
610 2 0 |a Slovensko 
610 2 0 |a spokojnosť zákazníkov 
610 2 0 |a obchod elektronický 
610 2 0 |a štatistika